[Event "Campeonato Femenino 2015"]
[Site "Sochi RUS"]
[Date "2015.03.17"]
[Round "1.27"]
[White "Girya, Olga"]
[Black "Atalik, Ekaterina"]
[Result "1-0"]
[WhiteElo "2459"]
[BlackElo "2419"]
[PlyCount "129"]
[EventDate "2015.03.16"]
[EventType "k.o."]
[EventRounds "6"]
[EventCountry "RUS"]
[Source "lmi"]
[SourceDate "2015.03.16"]

1. Nf3 g6 2. c4 Bg7 3. Nc3 d6 4. d4 e5 5. d5 Ne7 6. h4 h6 7. e4 Nd7 8. h5 Nf6
9. hxg6 fxg6 10. Be2 g5 11. Nh2 Ng6 12. g3 Qd7 13. Be3 O-O 14. Qc2 c5 15. O-O-O
a6 16. Rdf1 Rb8 17. Bd2 b5 18. Nd1 bxc4 19. Ne3 a5 20. Nhg4 Nxg4 21. Nxg4 Qxg4
22. Bxg4 Bxg4 23. f3 Bxf3 24. Rh2 g4 25. Qxc4 Rf7 26. Bxa5 Ra7 27. Bd2 Rba8 28.
Bxh6 Bxh6+ 29. Rxh6 Kg7 30. Rh2 Rxa2 31. Qb5 R2a7 32. Re1 Nh8 33. Rh5 Nf7 34.
Rf5 Kg6 35. Qc6 Rd8 36. Re3 Rdd7 37. Rexf3 gxf3 38. Rxf3 Ng5 39. Re3 Rd8 40.
Ra3 Rf7 41. Qb6 Rdd7 42. Qb5 Rb7 43. Qa6 Rbd7 44. Qe2 Rf8 45. Ra6 Rf6 46. Qg4
Rd8 47. Kb1 Rf1+ 48. Ka2 Rf2 49. Rb6 Rf3 50. Kb1 Rf2 51. Qh4 Rf7 52. g4 Rh7 53.
Qf2 Rf7 54. Qh4 Rh7 55. Qf2 Rf7 56. Qh2 Kg7 57. Rxd6 Rxd6 58. Qxe5+ Rdf6 59.
Qxg5+ Kf8 60. e5 Rf1+ 61. Ka2 c4 62. Qh6+ Kg8 63. Qa6 Re1 64. e6 Rf4 65. Qc8+
1-0

[Event "Campeonato Femenino 2015"]
[Site "Sochi RUS"]
[Date "2015.03.17"]
[Round "1.28"]
[White "Kashlinskaya, Alina"]
[Black "Shen, Yang"]
[Result "1/2-1/2"]
[WhiteElo "2436"]
[BlackElo "2459"]
[PlyCount "85"]
[EventDate "2015.03.16"]
[EventType "k.o."]
[EventRounds "6"]
[EventCountry "RUS"]
[Source "lmi"]
[SourceDate "2015.03.16"]

1. d4 d5 2. c4 c6 3. Nf3 Nf6 4. Nc3 e6 5. Qb3 Nbd7 6. g3 Be7 7. Bg2 O-O 8. O-O
b6 9. Rd1 Ba6 10. cxd5 cxd5 11. Nb5 Ne4 12. a4 Bb7 13. Bf4 a6 14. Nc3 Rc8 15.
Nd2 Nxd2 16. Rxd2 Nf6 17. f3 Bd6 18. Bg5 Be7 19. Bf4 Bd6 20. Bg5 Be7 21. Rdd1
Rc4 22. Rac1 h6 23. Bf4 Bd6 24. Be3 Qc7 25. Bf2 Rc8 26. e3 Qe7 27. Na2 Rxc1 28.
Rxc1 Rxc1+ 29. Nxc1 Qc7 30. Ne2 a5 31. Nc3 Bb4 32. Bf1 g5 33. g4 h5 34. Bg3 Qd8
35. h3 Bd6 36. Bxd6 Qxd6 37. Qc2 Bc6 38. Qh2 Qxh2+ 39. Kxh2 Kg7 40. Bd3 Ne8 41.
Kg3 hxg4 42. hxg4 Nd6 43. b3 1/2-1/2

[Event "Campeonato Femenino 2015"]
[Site "Sochi RUS"]
[Date "2015.03.17"]
[Round "1.29"]
[White "Khurtsidze, Nino"]
[Black "Kovalevskaya, Ekaterina"]
[Result "0-1"]
[WhiteElo "2457"]
[BlackElo "2438"]
[PlyCount "44"]
[EventDate "2015.03.16"]
[EventType "k.o."]
[EventRounds "6"]
[EventCountry "RUS"]
[Source "lmi"]
[SourceDate "2015.03.16"]

1. d4 Nf6 2. c4 e6 3. Nc3 d5 4. Nf3 c5 5. cxd5 cxd4 6. Qa4+ Bd7 7. Qxd4 exd5 8.
g3 Nc6 9. Qd3 Bc5 10. Bg5 Nb4 11. Qd2 Qb6 12. e3 Ne4 13. Nxe4 dxe4 14. Rd1 Nd3+
15. Bxd3 Bb4 16. Bxe4 Bxd2+ 17. Rxd2 Bc6 18. Rd4 O-O 19. O-O Bxe4 20. Rxe4 Qc6
21. Rf4 f6 22. Nd4 Qd7 0-1

[Event "Campeonato Femenino 2015"]
[Site "Sochi RUS"]
[Date "2015.03.17"]
[Round "1.30"]
[White "Mkrtchian, Lilit"]
[Black "Goryachkina, Aleksandra"]
[Result "1/2-1/2"]
[WhiteElo "2443"]
[BlackElo "2456"]
[PlyCount "78"]
[EventDate "2015.03.16"]
[EventType "k.o."]
[EventRounds "6"]
[EventCountry "RUS"]
[Source "lmi"]
[SourceDate "2015.03.16"]

1. c4 c6 2. Nf3 d5 3. d4 Nf6 4. Nc3 e6 5. g3 Nbd7 6. Bg2 dxc4 7. O-O Be7 8. Qc2
O-O 9. Rd1 Nd5 10. Ne4 b5 11. b3 Ba6 12. Neg5 N7f6 13. Ne5 Nb4 14. Qd2 Nfd5 15.
Ne4 f6 16. Nf3 f5 17. Nc3 Nxc3 18. Qxc3 c5 19. Bb2 Nd5 20. Qc2 Qc7 21. dxc5 c3
22. Bxc3 Qxc5 23. Rxd5 exd5 24. Qb2 Bf6 25. Bxf6 Rxf6 26. Nd4 Rc8 27. b4 Qc3
28. Bxd5+ Kh8 29. Qxc3 Rxc3 30. e3 g6 31. Bf3 Rb6 32. Be2 Kg7 33. Kf1 Kf6 34.
h4 Rc8 35. a3 Rc7 36. Ke1 Rb8 37. Bd3 Rb6 38. Be2 Rc8 39. Bd3 Rc7 1/2-1/2

[Event "Campeonato Femenino 2015"]
[Site "Sochi RUS"]
[Date "2015.03.17"]
[Round "1.31"]
[White "Pogonina, Natalija"]
[Black "Guo, Qi"]
[Result "1/2-1/2"]
[WhiteElo "2456"]
[BlackElo "2443"]
[PlyCount "123"]
[EventDate "2015.03.16"]
[EventType "k.o."]
[EventRounds "6"]
[EventCountry "RUS"]
[Source "lmi"]
[SourceDate "2015.03.16"]

1. d4 d5 2. c4 e6 3. Nf3 Nf6 4. g3 dxc4 5. Bg2 c5 6. O-O Nc6 7. dxc5 Qxd1 8.
Rxd1 Bxc5 9. Nbd2 c3 10. bxc3 O-O 11. Nb3 Be7 12. Nfd4 Nxd4 13. cxd4 Nd5 14.
Bb2 f5 15. Rac1 b6 16. e4 fxe4 17. Bxe4 Bb7 18. Bg2 Rfe8 19. Nd2 Rad8 20. Nc4
Bd6 21. Re1 Kf7 22. a4 Bb8 23. Ba3 Rd7 24. Bh3 Nf6 25. Ne5+ Bxe5 26. dxe5 Nd5
27. Bd6 Rdd8 28. f4 g6 29. g4 Rg8 30. Kf2 Rc8 31. f5 Nf4 32. fxe6+ Kxe6 33. Bf1
Rxc1 34. Rxc1 Rc8 35. Rxc8 Bxc8 36. Ke3 g5 37. Bc4+ Kd7 38. Ke4 Ke8 39. h3 h6
40. Bb8 a6 41. Bc7 b5 42. axb5 axb5 43. Bxb5+ Kf7 44. Bc4+ Kg6 45. Bd8 Ne6 46.
Be7 Bb7+ 47. Ke3 Nf4 48. Bd8 Bc8 49. Kf3 Nxh3 50. e6 Nf4 51. e7 Bd7 52. Ke4 h5
53. gxh5+ Nxh5 54. Ke5 Be8 55. Bb6 g4 56. Bd4 g3 57. Bd5 Nf6 58. Be6 g2 59. Kf4
Nh5+ 60. Kf3 g1=Q 61. Bxg1 Kf6 62. Bg4 1/2-1/2

[Event "Campeonato Femenino 2015"]
[Site "Sochi RUS"]
[Date "2015.03.17"]
[Round "1.32"]
[White "Cori Tello, Deysi"]
[Black "Lei, Tingjie"]
[Result "0-1"]
[WhiteElo "2444"]
[BlackElo "2444"]
[PlyCount "136"]
[EventDate "2015.03.16"]
[EventType "k.o."]
[EventRounds "6"]
[EventCountry "RUS"]
[Source "lmi"]
[SourceDate "2015.03.16"]

1. d4 Nf6 2. c4 g6 3. Nc3 d5 4. Bg5 Bg7 5. e3 Ne4 6. Bh4 c5 7. cxd5 Nxc3 8.
bxc3 cxd4 9. cxd4 Qxd5 10. Ne2 Nc6 11. Nc3 Qa5 12. Rc1 O-O 13. Be2 Rd8 14. Qa4
Qxa4 15. Nxa4 Nxd4 16. exd4 Rxd4 17. Rc4 Rxc4 18. Bxc4 Bd7 19. Nc5 Rc8 20. Nxd7
Rxc4 21. Bg5 Rc7 22. Nb8 Rc8 23. Nd7 Bd4 24. Bf4 f6 25. Ke2 Rd8 26. Nxf6+ Bxf6
27. Rc1 Rd4 28. Be3 Ra4 29. Rc2 Kf7 30. Kd3 Be5 31. g3 Ke6 32. h3 b6 33. Bg5
Bd6 34. Re2+ Kd5 35. Kc3 Re4 36. Rd2+ Kc6 37. Kd3 Re5 38. h4 Rd5+ 39. Ke4 Rxd2
40. Bxd2 Kb5 41. g4 Ka4 42. f4 e6 43. Bc1 b5 44. Bb2 a5 45. f5 exf5+ 46. gxf5
gxf5+ 47. Kxf5 Ba3 48. Bf6 Bc1 49. Be7 b4 50. Bd8 Kb5 51. Ke4 a4 52. Kd3 h5 53.
Bf6 Bf4 54. Bd4 Bg3 55. Bf6 Kc5 56. Be7+ Kd5 57. Bxb4 Bxh4 58. Ke3 Kc4 59. Bd6
Kc3 60. Kf4 Kb2 61. a3 Kb3 62. Kf5 Bd8 63. Kf4 Bf6 64. Ke3 Bb2 65. Kd2 Bxa3 66.
Be5 Bb2 67. Bd6 h4 68. Ke2 Bc3 0-1

[Event "Campeonato Femenino 2015"]
[Site "Sochi RUS"]
[Date "2015.03.18"]
[Round "2.1"]
[White "Moaataz, Ayah"]
[Black "Koneru, Humpy"]
[Result "0-1"]
[WhiteElo "2022"]
[BlackElo "2581"]
[PlyCount "56"]
[EventDate "2015.03.16"]
[EventType "k.o."]
[EventRounds "6"]
[EventCountry "RUS"]
[Source "lmi"]
[SourceDate "2015.03.16"]

1. c4 e5 2. g3 Nc6 3. Bg2 g6 4. Nc3 Bg7 5. d3 Nf6 6. Rb1 a5 7. Nf3 O-O 8. O-O
d6 9. a3 Nd4 10. b4 axb4 11. axb4 c6 12. b5 Bg4 13. bxc6 bxc6 14. Be3 Nd7 15.
h3 Bxf3 16. exf3 Nc5 17. Bxd4 exd4 18. Ne4 Na4 19. Ra1 Nc3 20. Rxa8 Qxa8 21.
Qa1 d5 22. Nd2 Qb7 23. cxd5 cxd5 24. Qa3 Qb5 25. f4 Qxd3 26. Nb1 Rb8 27. Nxc3
dxc3 28. Qa2 c2 0-1

[Event "Campeonato Femenino 2015"]
[Site "Sochi RUS"]
[Date "2015.03.18"]
[Round "2.2"]
[White "Ju, Wenjun"]
[Black "Wafa, Shrook"]
[Result "1-0"]
[WhiteElo "2557"]
[BlackElo "2058"]
[PlyCount "51"]
[EventDate "2015.03.16"]
[EventType "k.o."]
[EventRounds "6"]
[EventCountry "RUS"]
[Source "lmi"]
[SourceDate "2015.03.16"]

1. c4 Nf6 2. Nf3 e6 3. g3 Be7 4. Bg2 O-O 5. O-O d5 6. d4 c6 7. Qc2 Nbd7 8. Nbd2
Bd6 9. e4 dxe4 10. Nxe4 Nxe4 11. Qxe4 Nf6 12. Qe2 c5 13. Be3 Qb6 14. Rfd1 cxd4
15. Bxd4 Bc5 16. Bxc5 Qxc5 17. Ne5 Rb8 18. Rd2 a6 19. Rad1 Qc7 20. Qe3 h5 21.
h3 b5 22. Nc6 Rb6 23. Qc5 Rb7 24. Rd8 Ne8 25. cxb5 axb5 26. Rxc8 1-0

[Event "Campeonato Femenino 2015"]
[Site "Sochi RUS"]
[Date "2015.03.18"]
[Round "2.3"]
[White "Mezioud, Amina"]
[Black "Muzychuk, Anna"]
[Result "1/2-1/2"]
[WhiteElo "2066"]
[BlackElo "2552"]
[PlyCount "89"]
[EventDate "2015.03.16"]
[EventType "k.o."]
[EventRounds "6"]
[EventCountry "RUS"]
[Source "lmi"]
[SourceDate "2015.03.16"]

1. e4 c5 2. Nf3 Nc6 3. d4 cxd4 4. Nxd4 g6 5. c4 Bg7 6. Be3 Nf6 7. Nc3 d6 8. Be2
O-O 9. O-O Nxd4 10. Bxd4 Bd7 11. a3 Bc6 12. Qd3 Nd7 13. b4 Bxd4 14. Qxd4 Qb6
15. Qd2 Nf6 16. Bd3 a5 17. b5 Bd7 18. Nd5 Nxd5 19. exd5 Qd4 20. Qe3 Qxe3 21.
fxe3 b6 22. Rad1 Kg7 23. Be2 f5 24. Rd4 g5 25. g3 Kf6 26. Kf2 Ke5 27. Ke1 Rf6
28. Bd3 h5 29. h3 Rh8 30. Ke2 Rff8 31. Rf2 Bc8 32. Bc2 e6 33. g4 hxg4 34. hxg4
Bb7 35. dxe6 fxg4 36. Rxf8 Rxf8 37. e7 Bf3+ 38. Kf2 Re8 39. Bg6 Rxe7 40. Bh5
Rc7 41. Bxg4 Bxg4 42. Rxg4 Kf5 43. Rd4 Ke6 44. Re4+ Kf5 45. Rd4 1/2-1/2

[Event "Campeonato Femenino 2015"]
[Site "Sochi RUS"]
[Date "2015.03.18"]
[Round "2.4"]
[White "Cmilyte, Viktorija"]
[Black "Shamima, Akter Liza"]
[Result "1-0"]
[WhiteElo "2530"]
[BlackElo "2130"]
[PlyCount "75"]
[EventDate "2015.03.16"]
[EventType "k.o."]
[EventRounds "6"]
[EventCountry "RUS"]
[Source "lmi"]
[SourceDate "2015.03.16"]

1. Nf3 d5 2. c4 dxc4 3. Qa4+ c6 4. Qxc4 Nf6 5. e4 e5 6. Be2 Nbd7 7. O-O Be7 8.
b3 O-O 9. Bb2 Bd6 10. Qc2 Qe7 11. d3 Re8 12. Nbd2 Nf8 13. Nc4 Ng6 14. Nxd6 Qxd6
15. Rad1 c5 16. b4 b6 17. bxc5 Qxc5 18. Qxc5 bxc5 19. g3 Be6 20. Rc1 Nd7 21.
Ra1 f6 22. Rfc1 Rec8 23. Ba3 Ne7 24. Bd1 Kf7 25. Nd2 Rc7 26. f4 f5 27. Nc4 Bxc4
28. Rxc4 fxe4 29. Bb3 Kg6 30. dxe4 Rac8 31. Rd1 h6 32. Rcc1 c4 33. Rxc4 Rxc4
34. Rxd7 Rc1+ 35. Bxc1 Rxc1+ 36. Kf2 Nc6 37. f5+ Kh5 38. Rxg7 1-0

[Event "Campeonato Femenino 2015"]
[Site "Sochi RUS"]
[Date "2015.03.18"]
[Round "2.6"]
[White "Gunina, Valentina"]
[Black "Baginskaite, Camilla"]
[Result "1-0"]
[WhiteElo "2528"]
[BlackElo "2192"]
[PlyCount "51"]
[EventDate "2015.03.16"]
[EventType "k.o."]
[EventRounds "6"]
[EventCountry "RUS"]
[Source "lmi"]
[SourceDate "2015.03.16"]

1. d4 Nf6 2. c4 e6 3. Nf3 b6 4. g3 Ba6 5. b3 d5 6. cxd5 exd5 7. Bg2 Bb4+ 8. Bd2
Bd6 9. Nc3 O-O 10. O-O Re8 11. Re1 Bb7 12. Qc2 a6 13. Nh4 Ne4 14. Nxe4 dxe4 15.
Nf5 Nc6 16. d5 Nb4 17. Bxb4 Bxb4 18. Red1 g6 19. Nh6+ Kg7 20. Ng4 Qg5 21. Qxc7
Bxd5 22. Qxb6 Bc3 23. Rac1 Bb2 24. Rc2 Re6 25. Qa5 Qxg4 26. Qxd5 1-0

[Event "Campeonato Femenino 2015"]
[Site "Sochi RUS"]
[Date "2015.03.18"]
[Round "2.7"]
[White "Zuriel, Marisa"]
[Black "Zhao, Xue"]
[Result "1-0"]
[WhiteElo "2219"]
[BlackElo "2527"]
[PlyCount "97"]
[EventDate "2015.03.16"]
[EventType "k.o."]
[EventRounds "6"]
[EventCountry "RUS"]
[Source "lmi"]
[SourceDate "2015.03.16"]

1. e4 c6 2. d4 d5 3. f3 e6 4. Nc3 Bb4 5. Bf4 Ne7 6. Qd3 Nd7 7. O-O-O Nb6 8. Qe3
O-O 9. g4 f5 10. gxf5 exf5 11. e5 Nc4 12. Bxc4 dxc4 13. Bg5 f4 14. Qe2 Be6 15.
Ne4 c3 16. Nxc3 Bxc3 17. bxc3 h6 18. Bxe7 Qxe7 19. Kb2 a5 20. Qd3 Ra6 21. Ne2
Rb6+ 22. Kc1 Qf7 23. d5 Bxd5 24. Qd4 Qc7 25. Nxf4 Bxa2 26. Nd3 Bd5 27. Rhg1 a4
28. e6 g5 29. e7 Re8 30. Rde1 Bf7 31. h4 c5 32. Nxc5 Rd6 33. Qe3 Rxe7 34. Ne4
Qb6 35. Nf6+ Rxf6 36. Qxe7 Re6 37. Rxe6 Qxg1+ 38. Re1 Qg3 39. hxg5 hxg5 40.
Qd8+ Kg7 41. Qd4+ Kg6 42. Qe4+ Kf6 43. Kb2 b5 44. Rh1 Kg7 45. Rh7+ Kg8 46. Rh6
Kf8 47. Qa8+ Ke7 48. Qb7+ Kf8 49. Rf6 1-0

[Event "Campeonato Femenino 2015"]
[Site "Sochi RUS"]
[Date "2015.03.18"]
[Round "2.8"]
[White "Muzychuk, Mariya"]
[Black "Yuan, Yuanling"]
[Result "1-0"]
[WhiteElo "2526"]
[BlackElo "2257"]
[PlyCount "43"]
[EventDate "2015.03.16"]
[EventType "k.o."]
[EventRounds "6"]
[EventCountry "RUS"]
[Source "lmi"]
[SourceDate "2015.03.16"]

1. d4 f5 2. c4 Nf6 3. Nc3 g6 4. h4 Bg7 5. h5 Nxh5 6. e4 fxe4 7. Rxh5 gxh5 8.
Qxh5+ Kf8 9. Bh6 e6 10. Nxe4 Qe7 11. Bxg7+ Kxg7 12. O-O-O d6 13. Rd3 Rf8 14.
Ng5 Kh8 15. Rh3 Rf5 16. N1f3 Nd7 17. g4 Nf6 18. Qg6 Rxg5 19. Qxg5 Qg7 20. Bd3
Bd7 21. Qxg7+ Kxg7 22. g5 1-0

[Event "Campeonato Femenino 2015"]
[Site "Sochi RUS"]
[Date "2015.03.18"]
[Round "2.9"]
[White "Nguyen, Thi Thanh An"]
[Black "Stefanova, Antoaneta"]
[Result "0-1"]
[WhiteElo "2261"]
[BlackElo "2522"]
[PlyCount "64"]
[EventDate "2015.03.16"]
[EventType "k.o."]
[EventRounds "6"]
[EventCountry "RUS"]
[Source "lmi"]
[SourceDate "2015.03.16"]

1. d4 d5 2. c4 e6 3. Nf3 c6 4. Qc2 dxc4 5. a4 b5 6. g3 Bb7 7. Bg2 Na6 8. Nc3
Nb4 9. Qb1 Nf6 10. O-O a6 11. Rd1 Be7 12. Ne5 Qb6 13. Ne4 h6 14. f4 Nbd5 15. g4
c5 16. Nxc5 Bxc5 17. dxc5 Qxc5+ 18. Kh1 Rb8 19. Ra3 c3 20. Qd3 cxb2 21. Bxb2
Nxf4 22. Bxb7 Nxd3 23. Bc6+ Qxc6+ 24. Nxc6 Nxb2 25. Rb1 Nc4 26. Rc3 Ra8 27.
axb5 axb5 28. Rxb5 Nd6 29. Rb2 Nxg4 30. Rg3 Ne4 31. Rgb3 O-O 32. Kg2 Ngf6 0-1

[Event "Campeonato Femenino 2015"]
[Site "Sochi RUS"]
[Date "2015.03.18"]
[Round "2.10"]
[White "Khotenashvili, Bela"]
[Black "Ozturk, Kubra"]
[Result "1/2-1/2"]
[WhiteElo "2513"]
[BlackElo "2284"]
[PlyCount "59"]
[EventDate "2015.03.16"]
[EventType "k.o."]
[EventRounds "6"]
[EventCountry "RUS"]
[Source "lmi"]
[SourceDate "2015.03.16"]

1. d4 Nf6 2. c4 e6 3. Nf3 b6 4. g3 Ba6 5. b3 d5 6. Bg2 dxc4 7. Ne5 Bb4+ 8. Kf1
Bd6 9. Nxc4 Nd5 10. Bf3 Nc6 11. Kg2 b5 12. e4 Nde7 13. Nxd6+ Qxd6 14. Be3 Rd8
15. e5 Qd7 16. Qc1 O-O 17. Rd1 f6 18. Nc3 f5 19. Ne2 Bb7 20. Qc5 Qc8 21. Qxb5
Qa8 22. Kg1 Nd5 23. Rac1 Ncb4 24. Bg5 Rde8 25. Bd2 a5 26. Rc5 Na6 27. Rcc1 Nab4
28. Rc5 Na6 29. Rcc1 Nab4 30. Rc5 1/2-1/2

[Event "Campeonato Femenino 2015"]
[Site "Sochi RUS"]
[Date "2015.03.18"]
[Round "2.13"]
[White "Marrero Lopez, Yaniet"]
[Black "Danielian, Elina"]
[Result "1-0"]
[WhiteElo "2322"]
[BlackElo "2488"]
[PlyCount "109"]
[EventDate "2015.03.16"]
[EventType "k.o."]
[EventRounds "6"]
[EventCountry "RUS"]
[Source "lmi"]
[SourceDate "2015.03.16"]

1. e4 c6 2. d4 d5 3. e5 Bf5 4. Nd2 e6 5. Nb3 Nd7 6. Nf3 Ne7 7. Be2 Nc8 8. O-O
Be7 9. a4 O-O 10. a5 a6 11. Be3 Na7 12. Ne1 c5 13. Nxc5 Bxc5 14. dxc5 Nxe5 15.
g4 Bg6 16. f4 Nc4 17. Bxc4 dxc4 18. f5 exf5 19. gxf5 Qxd1 20. Rxd1 Bh5 21. Rd7
Rfe8 22. Ng2 Nc6 23. Rxb7 Ne5 24. Bf4 Nf3+ 25. Kf2 g5 26. fxg6 hxg6 27. h4 Nd4
28. Ne3 Re4 29. Rb8+ Rxb8 30. Bxb8 Rxh4 31. Nd5 Nc6 32. Bf4 Kg7 33. Re1 Rg4 34.
Re8 g5 35. Bd2 f6 36. Re6 Rd4 37. Bc3 Rxd5 38. Rxc6 Rf5+ 39. Kg3 Kg6 40. Rxa6
Rf3+ 41. Kg2 Rf5 42. c6 Bf3+ 43. Kg1 Rc5 44. c7 g4 45. Rxf6+ Kg5 46. Rf7 Bb7
47. Kf2 Kg6 48. Rf6+ Kg5 49. a6 Bd5 50. Rd6 Be4 51. Re6 Kf4 52. Bd2+ Kf5 53.
Re7 c3 54. Bxc3 Rc4 55. Rxe4 1-0

[Event "Campeonato Femenino 2015"]
[Site "Sochi RUS"]
[Date "2015.03.18"]
[Round "2.14"]
[White "Tan, Zhongyi"]
[Black "Nakhbayeva, Guliskhan"]
[Result "1-0"]
[WhiteElo "2487"]
[BlackElo "2329"]
[PlyCount "81"]
[EventDate "2015.03.16"]
[EventType "k.o."]
[EventRounds "6"]
[EventCountry "RUS"]
[Source "lmi"]
[SourceDate "2015.03.16"]

1. Nf3 e6 2. c4 Nf6 3. Nc3 d5 4. d4 dxc4 5. e3 a6 6. a4 c5 7. Bxc4 Nc6 8. O-O
Be7 9. h3 O-O 10. dxc5 Qxd1 11. Rxd1 Bxc5 12. e4 e5 13. Bg5 Be6 14. Bd5 h6 15.
Bxf6 gxf6 16. Rac1 Rac8 17. Ne2 Ba7 18. Ng3 Rfd8 19. Nh5 f5 20. exf5 Bxf5 21.
Ng3 Bh7 22. Bxc6 Rxd1+ 23. Rxd1 Rxc6 24. Rd8+ Kg7 25. Nh5+ Kg6 26. g4 Re6 27.
Rd7 Bc5 28. Rxb7 Be7 29. Kg2 f5 30. gxf5+ Kxf5 31. Ng7+ Kf6 32. Nxe6 Kxe6 33.
Rb6+ Bd6 34. Nd2 Bd3 35. f3 Kd5 36. Ne4 Bf8 37. Rf6 Be7 38. Rxh6 a5 39. Rh7 Bb4
40. Rd7+ Kc4 41. b3+ 1-0

[Event "Campeonato Femenino 2015"]
[Site "Sochi RUS"]
[Date "2015.03.18"]
[Round "2.15"]
[White "Zhang, Xiaowen"]
[Black "Ushenina, Anna"]
[Result "1/2-1/2"]
[WhiteElo "2349"]
[BlackElo "2486"]
[PlyCount "117"]
[EventDate "2015.03.16"]
[EventType "k.o."]
[EventRounds "6"]
[EventCountry "RUS"]
[Source "lmi"]
[SourceDate "2015.03.16"]

1. e4 c5 2. Nf3 Nc6 3. d4 cxd4 4. Nxd4 Nf6 5. Nc3 e5 6. Ndb5 d6 7. Bg5 a6 8.
Na3 b5 9. Nd5 Be7 10. Bxf6 Bxf6 11. c3 Bg5 12. Nc2 Ne7 13. a4 bxa4 14. Ncb4 O-O
15. Rxa4 a5 16. h4 Bh6 17. Nxe7+ Qxe7 18. Nd5 Qb7 19. b3 Kh8 20. Bc4 Bd7 21.
Ra2 f5 22. exf5 Bxf5 23. O-O Be6 24. Qd3 Bf5 25. Qe2 Be6 26. Rd1 Ra7 27. Qd3
Bf5 28. Qf3 Qc8 29. Qe2 Bg4 30. f3 Be6 31. Qf2 Qb8 32. Rda1 Bxd5 33. Bxd5 Qc7
34. Kh1 g5 35. Ra4 gxh4 36. Rc4 Qg7 37. Rxh4 Bf4 38. g4 Rc7 39. Be4 h6 40. c4
Rc5 41. Qe1 Qc7 42. Rh5 Kg7 43. Qe2 Qb8 44. Bc2 Rf7 45. Qe4 Kf8 46. Rf5 Qc7 47.
b4 d5 48. Rxf7+ Qxf7 49. cxd5 Qf6 50. bxc5 Qh4+ 51. Kg2 Qh2+ 52. Kf1 Qh1+ 53.
Kf2 Qh2+ 54. Ke1 Qg1+ 55. Ke2 Qg2+ 56. Kd3 Qd2+ 57. Kc4 Qb4+ 58. Kd3 Qd2+ 59.
Kc4 1/2-1/2

[Event "Campeonato Femenino 2015"]
[Site "Sochi RUS"]
[Date "2015.03.18"]
[Round "2.16"]
[White "Galliamova, Alisa"]
[Black "Lujan, Carolina"]
[Result "1-0"]
[WhiteElo "2484"]
[BlackElo "2349"]
[PlyCount "63"]
[EventDate "2015.03.16"]
[EventType "k.o."]
[EventRounds "6"]
[EventCountry "RUS"]
[Source "lmi"]
[SourceDate "2015.03.16"]

1. d4 Nf6 2. c4 e5 3. dxe5 Ng4 4. Bf4 Nc6 5. Nf3 Bb4+ 6. Nbd2 Qe7 7. a3 Ngxe5
8. Nxe5 Nxe5 9. e3 Bxd2+ 10. Qxd2 d6 11. Be2 b6 12. O-O Bb7 13. b4 O-O 14. Qc3
Ng6 15. Bg3 f5 16. Rfe1 a5 17. c5 axb4 18. Qb3+ d5 19. cxb6 c5 20. Bf3 Qe6 21.
axb4 c4 22. Qc3 Rxa1 23. Rxa1 Qxb6 24. Ra5 Rd8 25. Rc5 Qe6 26. Qd4 Rd7 27. b5
Nf8 28. h4 Qf7 29. Qe5 Qe6 30. Qb8 Qb6 31. Bxd5+ Rxd5 32. Rxd5 1-0

[Event "Campeonato Femenino 2015"]
[Site "Sochi RUS"]
[Date "2015.03.18"]
[Round "2.17"]
[White "Gomes, Mary Ann"]
[Black "Kosintseva, Tatiana"]
[Result "1/2-1/2"]
[WhiteElo "2354"]
[BlackElo "2483"]
[PlyCount "48"]
[EventDate "2015.03.16"]
[EventType "k.o."]
[EventRounds "6"]
[EventCountry "RUS"]
[Source "lmi"]
[SourceDate "2015.03.16"]

1. e4 c5 2. Nf3 Nc6 3. d4 cxd4 4. Nxd4 g6 5. c4 Bg7 6. Be3 Nf6 7. Nc3 O-O 8.
Be2 d6 9. O-O Bd7 10. Nc2 a5 11. f3 a4 12. Qd2 Qa5 13. b4 Nxb4 14. Nxb4 Qxb4
15. Rab1 Qa5 16. Rxb7 Rfe8 17. Nd5 Qxd2 18. Bxd2 Nxd5 19. cxd5 Bd4+ 20. Kh1 Bc8
21. Rbb1 Bd7 22. Rb7 Bc8 23. Rbb1 Bd7 24. Rb7 Bc8 1/2-1/2

[Event "Campeonato Femenino 2015"]
[Site "Sochi RUS"]
[Date "2015.03.18"]
[Round "2.18"]
[White "Sebag, Marie"]
[Black "Wang, Jue"]
[Result "1/2-1/2"]
[WhiteElo "2482"]
[BlackElo "2365"]
[PlyCount "79"]
[EventDate "2015.03.16"]
[EventType "k.o."]
[EventRounds "6"]
[EventCountry "RUS"]
[Source "lmi"]
[SourceDate "2015.03.16"]

1. e4 c5 2. c3 Nf6 3. e5 Nd5 4. d4 cxd4 5. Nf3 Nc6 6. cxd4 d6 7. Bc4 Nb6 8. Bb5
dxe5 9. Nxe5 Bd7 10. Nxd7 Qxd7 11. Nc3 e6 12. O-O Be7 13. Qg4 O-O 14. Rd1 f5
15. Qe2 a6 16. d5 axb5 17. dxc6 Qxc6 18. Nxb5 Rfd8 19. Bf4 Rxd1+ 20. Rxd1 Nd5
21. Bd6 Kf7 22. Qh5+ Kg8 23. Qe2 Kf7 24. Qh5+ Kf8 25. Bxe7+ Kxe7 26. Nd4 Qc7
27. Qg5+ Kf7 28. Nxf5 exf5 29. Rxd5 g6 30. Qd2 Qc6 31. a3 Rc8 32. g3 Rc7 33.
Rd6 Qe8 34. Qd5+ Kg7 35. Qd4+ Kh6 36. Qh4+ Kg7 37. Qf6+ Kh6 38. Qh4+ Kg7 39.
Qf6+ Kh6 40. Qh4+ 1/2-1/2

[Event "Campeonato Femenino 2015"]
[Site "Sochi RUS"]
[Date "2015.03.18"]
[Round "2.19"]
[White "Guramishvili, Sopiko"]
[Black "Javakhishvili, Lela"]
[Result "1-0"]
[WhiteElo "2367"]
[BlackElo "2481"]
[PlyCount "111"]
[EventDate "2015.03.16"]
[EventType "k.o."]
[EventRounds "6"]
[EventCountry "RUS"]
[Source "lmi"]
[SourceDate "2015.03.16"]

1. d4 d6 2. Nf3 g6 3. g3 Bg7 4. Bg2 c5 5. O-O cxd4 6. Nxd4 Qb6 7. Nb3 Nc6 8.
Nc3 Nf6 9. Bg5 Be6 10. e4 O-O 11. h3 Ne5 12. Be3 Qd8 13. Nd4 Bd7 14. Nde2 b5
15. a3 a6 16. b3 Qc8 17. g4 Bc6 18. Nd5 Nxd5 19. exd5 Bb7 20. Rc1 Qd8 21. Qd2
Rc8 22. Nd4 Nd7 23. Rfe1 Nf6 24. c4 bxc4 25. bxc4 Nd7 26. Nb3 Re8 27. Na5 Ba8
28. Rb1 Nc5 29. Nc6 Qc7 30. Bxc5 dxc5 31. Rxe7 Rxe7 32. d6 Bxc6 33. dxc7 Rexc7
34. Rb6 Rd7 35. Qe2 Bxg2 36. Kxg2 a5 37. Qf3 Rd2 38. Rb7 Rf8 39. Qe3 Rd4 40.
Qe2 Rf4 41. Kg3 g5 42. h4 h6 43. hxg5 hxg5 44. Qe7 Bf6 45. Qxc5 Rd8 46. Rb3
Rdd4 47. f3 Rxc4 48. Qxa5 Ra4 49. Rb8+ Kg7 50. Qc5 Ra6 51. Qc8 Kh7 52. Qxa6 Be5
53. Ra8 Rd4+ 54. Kf2 Rd2+ 55. Ke3 Bf4+ 56. Ke4 1-0

[Event "Campeonato Femenino 2015"]
[Site "Sochi RUS"]
[Date "2015.03.18"]
[Round "2.20"]
[White "Paehtz, Elisabeth"]
[Black "Arabidze, Meri"]
[Result "1/2-1/2"]
[WhiteElo "2479"]
[BlackElo "2374"]
[PlyCount "41"]
[EventDate "2015.03.16"]
[EventType "k.o."]
[EventRounds "6"]
[EventCountry "RUS"]
[Source "lmi"]
[SourceDate "2015.03.16"]

1. d4 Nf6 2. c4 e6 3. Nc3 Bb4 4. e3 c5 5. Nge2 cxd4 6. exd4 d5 7. c5 Ne4 8. Bd2
Nxd2 9. Qxd2 Nc6 10. a3 Ba5 11. b4 Bc7 12. g3 h5 13. h4 O-O 14. Bg2 Qf6 15. O-O
Rd8 16. Rad1 Ne7 17. Nc1 e5 18. Nb5 Bb8 19. dxe5 Bxe5 20. Nd3 a6 21. Nxe5
1/2-1/2

[Event "Campeonato Femenino 2015"]
[Site "Sochi RUS"]
[Date "2015.03.18"]
[Round "2.21"]
[White "Milliet, Sophie"]
[Black "Krush, Irina"]
[Result "1/2-1/2"]
[WhiteElo "2377"]
[BlackElo "2477"]
[PlyCount "48"]
[EventDate "2015.03.16"]
[EventType "k.o."]
[EventRounds "6"]
[EventCountry "RUS"]
[Source "lmi"]
[SourceDate "2015.03.16"]

1. e4 e6 2. d4 d5 3. Nc3 Nf6 4. e5 Nfd7 5. f4 c5 6. Nf3 Nc6 7. Be3 a6 8. Qd2 b5
9. dxc5 Bxc5 10. Bd3 O-O 11. Qf2 Qb6 12. Bxc5 Nxc5 13. Bxh7+ Kxh7 14. Qh4+ Kg8
15. Ng5 Re8 16. Qh7+ Kf8 17. Qh8+ Ke7 18. Qxg7 Nd3+ 19. cxd3 Qe3+ 20. Kd1 Qxd3+
21. Kc1 Qe3+ 22. Kb1 Qd3+ 23. Kc1 Qe3+ 24. Kb1 Qd3+ 1/2-1/2